唯一剩下的中国省份…The Only Remaining Chinese Province. . . - Statistics

General Stats
  • This quiz has been taken 647 times
  • The average score is 20 of 34
Answer Stats
Hint Answer % Correct
面积大于蒙古国 新疆维吾尔自治区
100%
GDP总量大于韩国(截至2023年) 广东省
95%
有3个及以上GDP破万亿的地级市(截至2023年) 江苏省
91%
少数民族人口占总人口一半以上 西藏自治区
88%
同时是沿海省份与边境省份 广西壮族自治区
88%
与3个及以上国家接壤 云南省
87%
拥有中国三大半岛之一 辽宁省
87%
常住人口高于越南(截至2023年) 山东省
82%
为两位及以上国家主席(不含代理主席)的出生地 湖南省
81%
粮食产量大于法国(截至2023年) 黑龙江省
80%
北回归线穿过省境(只含陆地) 台湾省
75%
拥有副省级城市但不是该省省会 福建省
65%
人口密度<20人/km2 青海省
64%
1952年以后(有数据统计以来)GDP曾经排名全国第一 上海市
62%
最高峰超过6000m 四川省
58%
不沿海且只与两个省份接壤 北京市
55%
拥有计划单列市 浙江省
55%
拥有三所及以上985大学 陕西省
54%
拥有经济特区 海南省
53%
受到西南季风的影响 贵州省
53%
本身是超大城市/拥有超大城市(城区常住人口1000万以上) 天津市
52%
因省内两座重要城市首字得名 安徽省
49%
在新划分的战区中属于北部战区 吉林省
47%
同时有区域属于长江和黄河流域 河南省
44%
不沿海且GDP低于与它接壤的所有省级行政区 宁夏回族自治区
43%
民国时有建制且建国后变更了省会 河北省
43%
森林覆盖率超过50% 江西省
41%
拥有卫星发射中心 山西省
40%
大部分人口说西南官话 湖北省
39%
在改革开放后成为省级行政区 香港特别行政区
35%
拥有超过1000km2的湖泊 内蒙古自治区
33%
下辖少数民族自治州 甘肃省
32%
不沿海且常住人口低于与它接壤的所有省级行政区 重庆市
31%
拥有世界遗产 澳门特别行政区
29%
No matching quizzes found
Score Distribution
Percent of People with Each Score
Percentile by Number Answered
Your Score History
You have not taken this quiz